Cinéma : Autour du box-office dans le monde - Statistiques

Statistiques générales
  • Ce quiz a été pris 111 fois
  • Le résultat moyen est 17 sur 60
Statistiques - réponses
PLUS GROSSES RECETTES Indice 1 Indice 2 Film % Correct
FRANCE 1998 T Titanic
84%
ALLEMAGNE 1998 T Titanic
84%
ESPAGNE 1998 T Titanic
84%
FRANCE 2008 Boon Bienvenue chez les Chtis
81%
FRANCE 2008 Dany Boon Bienvenue chez les Chtis
81%
BRESIL 2019 AE Avengers endgame
72%
MONDE 2019 AE Avengers endgame
72%
ETATS-UNIS 2019 Russo Avengers endgame
72%
COREE-DU-SUD 2019 Russo Avengers endgame
72%
MONDE 2019 Russo Avengers endgame
72%
ETATS-UNIS 2019 Adaptation BD Avengers endgame
72%
MONDE 2019 Avengers endgame Avengers endgame
72%
ETATS-UNIS 18/12/1946 SS Steven Spielberg
51%
FRANCE 18/12/1946 SS Steven Spielberg
51%
ALLEMAGNE 18/12/1946 SS Steven Spielberg
51%
ESPAGNE 18/12/1946 SS Steven Spielberg
51%
ITALIE 18/12/1946 SS Steven Spielberg
51%
MONDE 18/12/1946 SS Steven Spielberg
51%
BRESIL 2014 Luc Besson Lucy
50%
RUSSIE 2014 Luc Besson Lucy
50%
MONDE 2014 Luc Besson Lucy
50%
FRANCE 1914-1983 LDF Louis de Funès
44%
ALLEMAGNE 2012 Nakache / Toledano Intouchables
41%
ETATS-UNIS 2015 SW LRDLF Star Wars le réveil de la Force
39%
FRANCE 2017 Adaptation BD Valérian
26%
RUSSIE 2019 Jon Favreau Le Roi Lion
21%
ETATS-UNIS 21/12/1948 SJ Samuel Jackson
16%
ESPAGNE 21/12/1948 SJ Samuel Jackson
16%
RUSSIE 21/12/1948 SJ Samuel Jackson
16%
MONDE 21/12/1948 SJ Samuel Jackson
16%
BRESIL 2021 Jon Wats Spider-man : no way home
14%
BRESIL 1970 & 1971 AJ ou JR Anthony Russo | Joe Russo
13%
CHINE 1970 & 1971 AJ ou JR Anthony Russo | Joe Russo
13%
COREE-DU-SUD 1970 & 1971 AJ ou JR Anthony Russo | Joe Russo
13%
ALLEMAGNE 1930-2020 SC Sean Connery
10%
ETATS-UNIS 2009 Pierre Morel Taken
10%
COREE-DU-SUD 2009 Pierre Morel Taken
10%
CHINE 18/07/1967 VD Vin Diesel
9%
BRESIL 04/04/1965 RD Robert Downey
8%
COREE-DU-SUD 04/04/1965 RD Robert Downey
8%
ESPAGNE 2006 Ron Howard Da Vinci code
7%
RUSSIE 30/11/1963 DY David Yates
5%
CHINE 2015 Jean-Jacques Annaud Le dernier loup
3%
ITALIE 1956 Julien Duvivier Le retour de Don Camillo
3%
ITALIE 29/03/1939 TH Terrence Hill
3%
ESPAGNE 1966 Bernard Borderie Angélique et le Roy
2%
ITALIE 2003 Film familial Pinocchio
2%
ITALIE 1965 DJ Docteur Jivago
1%
CHINE 2017 WW 2 Wolf warrior 2
1%
ESPAGNE 2009 Péplum Agora
0%
BRESIL 2004 Drame Carandiru
0%
COREE-DU-SUD 2007 Fantasy Dragon Wars
0%
RUSSIE 2019 Aventure Journey to China
0%
CHINE 2021 Guerre La bataille du lac Chang
0%
ALLEMAGNE 2006 Carlos Saldanha L'âge de glace 2
0%
ALLEMAGNE 2006 Drame Le Parfum
0%
CHINE 2019 7 réalisateurs My People, my Country
0%
ITALIE 2016 Gennaro Nunziante Quo vado ?
0%
RUSSIE 2023 T Tchebourachka
0%
COREE-DU-SUD 2014 TA RC The Admiral : Roaring currents
0%
Aucun quiz correspondant
Distribution des résultats
% des personnes avec chaque résultat
Percentile par nombre de réponses
Votre historique - résultats
Vous n’avez pas pris ce quiz